Bundesländer Deutschlands zu Flaggen - Klick Quiz - Statistiken

Allgemein
  • Dieses Quiz wurde 61 mal gespielt
  • Das Durchschnittsergebnis liegt bei 9 aus 16
Antwortstatistiken
Hint Antwort % Korrekt
Berlin
94%
Bayern
89%
Niedersachsen
70%
Baden-Württemberg
62%
Sachsen
62%
Sachsen-Anhalt
60%
Brandenburg
57%
Mecklenburg-Vorpommern
57%
Nordrhein-Westfalen
55%
Schleswig-Holstein
53%
Saarland
51%
Bremen
49%
Hamburg
47%
Hessen
40%
Rheinland-Pfalz
40%
Thüringen
36%
Keine übereinstimmenden Quizze gefunden
Verteilung der Resultate
Anzahl Personen mit jedem Resultat
Perzentil nach korrekt beantworteten Fragen
Ihre Resultats-Entwicklung
Sie haben dieses Quiz noch nicht gespielt